000 01311nam a2200313 i 4500
003 DO-SdBNP
005 20240719150244.0
007 ta
008 210722b2020 dr ||||| |||| 00| 0 spa
020 _a9789945613629 (v.1)
020 _a9789945613636 (v.2)
040 _aDO-SdBNP
_bspa
_cBNPHU
_erda
082 4 _a972.89
_bB972p
_222
100 1 _aBursert Flores, Luis Rafael,
_979370
_eautor
245 1 3 _aLa población del Caribe en el ocaso de la hegemonía española en la región, 1590-1620 :
_bdiccionario biográfico de residentes en la cuenca del Caribe /
_cLuis Rafael Bursert Flores
264 _aSanto Domingo :
_bArchivo General de la Nación,
_c©2020.
300 _a520 páginas :
_bilustraciones, mapas ;
_c25 cm.
336 _2rdacontent
_atexto
_btxt
337 _2rdamedia
_asin mediación
_bn
338 _2rdacarrier
_avolumen
_bnc
490 0 _aArchivo General de la Nación ;
_v397
500 _aIncluye datos biográficos del autor en las solapas
590 _aInventariado, 2021 S/A
650 4 _xResidentes
_zCaribe
_979389
_vDiccionarios
651 _aAntillas
_vDiccionarios
_xCiuades y pueblos
_ySiglos XVII-XIX
_986132
651 _aAntillas
_vDiccionarios
_xHistoria
_xÉpoca colonial
_ySiglo XVI-XVII
_986133
910 _aSaquino. Validado. Control de Calidad/
942 _2ddc
_cLBS1
999 _c50165
_d50165